Methods in the quantum theory of magnetism
Guardat en:
| Autor principal: | |
|---|---|
| Format: | Llibre |
| Idioma: | anglès |
| Publicat: |
Nueva York
Plenum Press
1967
|
| Matèries: | |
| Etiquetes: |
Afegir etiqueta
Sense etiquetes, Sigues el primer a etiquetar aquest registre!
|
MARC
| LEADER | 00000nam a2200000 a 4500 | ||
|---|---|---|---|
| 001 | UCT1447 | ||
| 003 | CL-VaPUC | ||
| 008 | 960927e19670000US |||||||||||||||||eng|d | ||
| 082 | 0 | 4 | |a 530.12 |b VLA |2 21 |
| 100 | 0 | |a Vladimirovich Tyablikov, Sergei |e author |9 370347 | |
| 245 | 1 | 0 | |a Methods in the quantum theory of magnetism |
| 300 | |a 354 p | ||
| 942 | |c BK | ||
| 945 | |d 19960927 00:00:00 |a paguirre | ||
| 260 | |a Nueva York |b Plenum Press |c 1967 | ||
| 650 | 0 | |a Teoría cuántica |9 266148 | |
| 650 | 0 | |a Magnetismo |9 260336 | |
| 650 | 7 | |a FERROMAGNETISMO |2 CL-VaPUC |9 370348 | |
| 650 | 7 | |a TEMPERATURA |2 CL-VaPUC |9 370349 | |
| 650 | 7 | |a NEUTRONES |2 CL-VaPUC |9 313669 | |
| 583 | |a last modification |c 19960927 00:00:00 |k Rodrigo Vera | ||
| 999 | |c 251971 |d 251969 | ||
| 952 | |0 0 |1 0 |4 0 |6 530_120000000000000_VLA_1967 |7 0 |8 A |9 271527 |a BIBCUR |b BIBCUR |d 2019-11-19 |i 174691K |o 530.12 VLA 1967 |p 174691K |r 2025-04-22 |w 2019-11-19 |y BK |k BCB | ||